000
00242nam a2200097Ia 4500
001
762216
005
20250826165221.0
008
250824s9999 xx 000 0 und d
245
0
_a
BAŞARI ÖYKÜLERİ
_c
NEJLA SAKARYA
260
_b
ÇOCUK GEZEGENİ
999
_c
762216
_d
762216